| 000 | 00324nam a22001217a 4500 | ||
|---|---|---|---|
| 020 | _a0-07-019277-4 | ||
| 082 | _a621.183 ELO'S | ||
| 100 |
_aELONKA, S.M, KOHAN, A.L _967597 |
||
| 245 | _aSTANDARD HEATING AND POWER BOILER PLANT QUESTION AND ANSWERS | ||
| 260 |
_aNEWYORK _bMCGRAW HILL _c1984 |
||
| 300 | _a654P | ||
| 942 | _cBK | ||
| 999 |
_c575331 _d575331 |
||